Effectif Havre AC 2025-2026 image - Statistiques

Statistiques générales
  • Ce quiz a été pris 46 fois
  • Le résultat moyen est 18 sur 31
Statistiques - réponses
Par images Réponse % Correct
Abdoulaye Touré
87%
Gautier Lloris
87%
Yassine Kechta
87%
Didier Digard
80%
Mory Diaw
80%
Issa Soumaré
77%
Arouna Sangante
73%
Loïc Nego
70%
Yanis Zouaoui
70%
Mathieu Bodmer
67%
Thomas Delaine
67%
Ayumu Seko
63%
Ally Samatta
60%
Lionel Mpasi
60%
Paul Argney
60%
Rassoul Ndiaye
60%
Etienne Youté
57%
Fodé Doucouré
57%
Reda Khadra
53%
Félix Mambimbi
50%
Nicolas Douchez
50%
Younes Namli
50%
Damian Pizzaro
47%
Simon Ebonog
47%
Daren Mosengo
43%
Godson Kyeremeh
43%
Jean Michel Roussier
40%
Stephan Zagadou
40%
Elysée Logbo
37%
Serge Costa
33%
Guy-Noël Zouhouri
10%
Aucun quiz correspondant
Distribution des résultats
% des personnes avec chaque résultat
Percentile par nombre de réponses
Votre historique - résultats
Vous n’avez pas pris ce quiz